[Event "AUT-ch U12"]
[Site "Deutschlandsberg"]
[Date "2006.??.??"]
[Round "3"]
[White "Hoertnagl, Martin"]
[Black "Kessler, Luca"]
[Result "0-1"]
[WhiteElo "1420"]
[BlackElo "1663"]
[PlyCount "70"]
[EventDate "2006.06.??"]
[EventType "swiss"]
[EventRounds "7"]
[EventCountry "AUT"]
[SourceTitle "EXT 2009"]
[Source "ChessBase"]
[SourceDate "2008.11.26"]
[SourceVersion "1"]
[SourceVersionDate "2008.11.26"]
[SourceQuality "1"]

1. d4 Nf6 2. c4 g6 3. Nc3 d5 4. Nf3 Bg7 5. Bg5 c6 6. e3 0-0 7. Bd3 dxc4 8. Bxc4 Nbd7 9. 0-0 c5 10. Re1 a6 11. a4 b6 12. Nd5 e6 13. Nxf6+ Nxf6 14. b3 h6 15. Bxf6 Bxf6 16. Ne5 Qc7 17. Nd3 cxd4 18. exd4 Bxd4 19. Rc1 Qd8 20. Ne5 Bc5 21. Qxd8 Rxd8 22. Rcd1 Bb7 23. g3 Bb4 24. Rxd8+ Rxd8 25. Re3 Rd1+ 26. Bf1 a5 27. Rd3 Ra1 28. Nd7 Ba6 29. Nf6+ Kg7 30. Ne8+ Kf8 31. Rd8 Ke7 32. Ra8 Rxf1+ 33. Kg2 Bb7+ 34. Kxf1 Bxa8 35. Nc7 Bc6 0-1